Présidents du Conseil de la Restauration - Images - Statistiques

Statistiques générales
  • Ce quiz a été pris 17 fois
  • Le résultat moyen est 4 sur 8
Statistiques - réponses
Par images Réponse % Correct
Charles-Maurice de Talleyrand-Périgord
91%
Armand-Emmanuel du Plessis de Richelieu
82%
Élie Decazes
73%
Joseph de Villèle
55%
Jean-Baptiste Sylvère Gaye de Martignac
45%
Jules de Polignac
45%
Jean-Joseph Dessolles
36%
Casimir-Louis-Victurnien de Rochechouart de Mortemart
18%
Aucun quiz correspondant
Distribution des résultats
% des personnes avec chaque résultat
Percentile par nombre de réponses
Votre historique - résultats
Vous n’avez pas pris ce quiz